<?xml version="1.0" encoding="UTF-8"?>
<record
    xmlns:xsi="http://www.w3.org/2001/XMLSchema-instance"
    xsi:schemaLocation="http://www.loc.gov/MARC21/slim http://www.loc.gov/standards/marcxml/schema/MARC21slim.xsd"
    xmlns="http://www.loc.gov/MARC21/slim">

  <leader>00731nam a22002417a 4500</leader>
  <controlfield tag="003">OSt</controlfield>
  <controlfield tag="005">20140626132402.0</controlfield>
  <controlfield tag="008">131014e2013    xxu||||| |||| 00| 0 eng d</controlfield>
  <datafield tag="020" ind1=" " ind2=" ">
    <subfield code="a">978-84-9875-263-2</subfield>
  </datafield>
  <datafield tag="024" ind1=" " ind2=" ">
    <subfield code="2">DL</subfield>
    <subfield code="a">B. 2510-2013</subfield>
  </datafield>
  <datafield tag="040" ind1=" " ind2=" ">
    <subfield code="c">cdmr</subfield>
  </datafield>
  <datafield tag="100" ind1=" " ind2=" ">
    <subfield code="9">4047</subfield>
    <subfield code="a">Rojas, Pedro</subfield>
  </datafield>
  <datafield tag="245" ind1=" " ind2=" ">
    <subfield code="a">C&#xF3;mo preparar un plan social media marketing </subfield>
    <subfield code="b">: en un mundo que ya es 2.0</subfield>
    <subfield code="c">Rojas, Pedro ; Redondo, Mar&#xED;a</subfield>
  </datafield>
  <datafield tag="260" ind1=" " ind2=" ">
    <subfield code="a">Espanya</subfield>
    <subfield code="c">2013</subfield>
    <subfield code="b">Gesti&#xF3;n 2000</subfield>
  </datafield>
  <datafield tag="300" ind1=" " ind2=" ">
    <subfield code="a">225 p. </subfield>
  </datafield>
  <datafield tag="654" ind1=" " ind2=" ">
    <subfield code="9">3396</subfield>
    <subfield code="a">M&#xE0;rqueting</subfield>
  </datafield>
  <datafield tag="654" ind1=" " ind2=" ">
    <subfield code="9">2798</subfield>
    <subfield code="a">Comunicaci&#xF3; en l'empresa</subfield>
  </datafield>
  <datafield tag="654" ind1=" " ind2=" ">
    <subfield code="9">3137</subfield>
    <subfield code="a">Web 2.0</subfield>
  </datafield>
  <datafield tag="654" ind1=" " ind2=" ">
    <subfield code="9">3978</subfield>
    <subfield code="a">Reputaci&#xF3; en l&#xED;nia</subfield>
  </datafield>
  <datafield tag="654" ind1=" " ind2=" ">
    <subfield code="9">4121</subfield>
    <subfield code="a">Social Media Management</subfield>
  </datafield>
  <datafield tag="700" ind1=" " ind2=" ">
    <subfield code="9">4048</subfield>
    <subfield code="a">Redondo, Mar&#xED;a</subfield>
  </datafield>
  <datafield tag="942" ind1=" " ind2=" ">
    <subfield code="2">udc</subfield>
    <subfield code="c">MON</subfield>
  </datafield>
  <datafield tag="999" ind1=" " ind2=" ">
    <subfield code="c">6639</subfield>
    <subfield code="d">6639</subfield>
  </datafield>
  <datafield tag="952" ind1=" " ind2=" ">
    <subfield code="0">0</subfield>
    <subfield code="1">0</subfield>
    <subfield code="4">0</subfield>
    <subfield code="7">0</subfield>
    <subfield code="a">CDMR</subfield>
    <subfield code="b">CDMR</subfield>
    <subfield code="d">2013-10-14</subfield>
    <subfield code="e">Donaci&#xF3;</subfield>
    <subfield code="g">17.95</subfield>
    <subfield code="l">30</subfield>
    <subfield code="m">23</subfield>
    <subfield code="o">Cm 3/35</subfield>
    <subfield code="p">CDMR13108398</subfield>
    <subfield code="r">2019-11-18</subfield>
    <subfield code="s">2019-10-10</subfield>
    <subfield code="v">17.95</subfield>
    <subfield code="w">2013-10-14</subfield>
    <subfield code="y">MON</subfield>
  </datafield>
</record>
